Richest countries that have never hosted the Olympics - Statistics

General Stats
  • This quiz has been taken 43 times
  • The average score is 11 of 15
Answer Stats
Rank GDP Country % Correct
#5 $4.27 T India
87%
#19 $1.14 T Saudi Arabia
85%
#16 $1.49 T Indonesia
82%
#25 $604 B Argentina
74%
#28 $561 B Singapore
74%
#17 $1.46 T Turkey
74%
#27 $569 B United Arab Emirates
74%
#21 $915 B Poland
72%
#35 $488 B Malaysia
69%
#31 $545 B Thailand
69%
#30 $550 B Israel
67%
#22 $814 B Taiwan
62%
#26 $587 B Ireland
59%
#33 $506 B Vietnam
59%
#32 $508 B Philippines
56%
No matching quizzes found
Score Distribution
Percent of People with Each Score
Percentile by Number Answered
Your Score History
You have not taken this quiz